[Event "GER M06-C email"]
[Site "GER email"]
[Date "2017.06.26"]
[Round "?"]
[White "Savoca, Alfredo"]
[Black "Adelseck, Herbert"]
[Result "1-0"]
[WhiteElo "2447"]
[BlackElo "2396"]
[PlyCount "69"]
[EventDate "2017.??.??"]
[EventType "tourn (corr)"]
[EventRounds "10"]
[EventCountry "GER"]
[SourceTitle "Corr 2020"]
[Source "ChessBase"]
[SourceDate "2019.09.30"]
[SourceVersion "1"]
[SourceVersionDate "2019.09.30"]
[SourceQuality "1"]

1. e4 c5 2. Nf3 d6 3. d4 cxd4 4. Nxd4 Nf6 5. Nc3 a6 6. h3 e5 7. Nde2 Be7 8. g4 Be6 9. g5 Nfd7 10. h4 Nb6 11. Bg2 N8d7 12. Ng3 0-0 13. b3 Qc7 14. Nd5 Bxd5 15. exd5 f5 16. c4 Nc5 17. Bh3 f4 18. Nf5 a5 19. Ba3 Bd8 20. Rg1 a4 21. g6 h6 22. Bxc5 Qxc5 23. Nxh6+ gxh6 24. g7 Re8 25. Qh5 Bxh4 26. Qxh4 Qb4+ 27. Kf1 Nxc4 28. bxc4 Qxc4+ 29. Kg2 f3+ 30. Kg3 Qxh4+ 31. Kxh4 e4 32. Be6+ Rxe6 33. dxe6 Re8 34. Rae1 Rxe6 35. Rc1 1-0

[Event "GER M06-C email"]
[Site "GER email"]
[Date "2017.06.26"]
[Round "?"]
[White "Savoca, Alfredo"]
[Black "Pokrivac, Izidor"]
[Result "1/2-1/2"]
[WhiteElo "2447"]
[BlackElo "2400"]
[PlyCount "61"]
[EventDate "2017.??.??"]
[EventType "tourn (corr)"]
[EventRounds "10"]
[EventCountry "GER"]
[SourceTitle "Corr 2020"]
[Source "ChessBase"]
[SourceDate "2019.09.30"]
[SourceVersion "1"]
[SourceVersionDate "2019.09.30"]
[SourceQuality "1"]

1. e4 c5 2. Nf3 Nc6 3. Nc3 e5 4. Bc4 g6 5. d3 h6 6. 0-0 Bg7 7. Ne1 Nf6 8. f4 d6 9. Nf3 exf4 10. Bxf4 Nh5 11. Be3 0-0 12. Qd2 Kh7 13. Rae1 f5 14. exf5 Bxf5 15. d4 Nb4 16. Bb3 c4 17. Bxc4 Nxc2 18. Re2 Nxe3 19. Rxe3 Nf4 20. Bb3 g5 21. h3 Kh8 22. Nd5 Nxd5 23. Bxd5 Rc8 24. Be4 Qd7 25. Rfe1 Bxe4 26. Rxe4 Rfe8 27. Qe3 Rxe4 28. Qxe4 d5 29. Qg6 Rf8 30. Kh2 Qf7 31. Qxf7 1/2-1/2